000 00288nam a2200121Ia 4500
008 241002s9999 xx 000 0 und d
082 _a808.84 HUX
100 _aHuxley, Aldous
245 0 _aOnthe Margin Notes and Essays
260 _aLondon:
_c1948
600 _aLiterature
942 _cUC
999 _c18716
_d18716